Nahota v reklame - etický problém

Porušovanie etiky v reklame - neprimerané vystavovanie nahoty ľudského tela a využívanie dvojzmyselnosti. Používanie reklamy, ktorá nie je v súlade s etickými normami. Dopad sexuálnej inflácie na spoločnosť.

Saved in:
Bibliographic Details
Main Author: Vongrej, Marián
Format: Book Chapter
Language:Slovak
Subjects:
Tags: Add Tag
No Tags, Be the first to tag this record!

MARC

LEADER 00000nla$a2200000$$$4500
001 0056788
005 20240502083139.6
041 0 |a slo 
044 |a CZ 
245 1 0 |a Nahota v reklame - etický problém  |c Marián Vongrej 
520 |a Porušovanie etiky v reklame - neprimerané vystavovanie nahoty ľudského tela a využívanie dvojzmyselnosti. Používanie reklamy, ktorá nie je v súlade s etickými normami. Dopad sexuálnej inflácie na spoločnosť. 
610 2 0 |a reklama 
610 2 0 |a etika 
610 2 0 |a normy etické 
610 2 0 |a médiá 
100 1 |a Vongrej, Marián